| 000 | 00376nam a2200145Ia 4500 | ||
|---|---|---|---|
| 008 | 230917s9999||||xx |||||||||||||| ||und|| | ||
| 040 |
_e124912 _aMAIN |
||
| 041 | _aEnglish | ||
| 082 | _a361 K123C | ||
| 100 | _aKakabadse, Andrew | ||
| 245 | 0 | _aCulture of social service | |
| 260 |
_aEngland _bGower Publishing Company Limited _c1982 |
||
| 300 | _axi p. ; 199p. | ||
| 942 | _cBK | ||
| 999 |
_c35888 _d35888 |
||